| 000 | 00795nam a22002177a 4500 | ||
|---|---|---|---|
| 005 | 20100723111725.0 | ||
| 010 | _aENG-96535 | ||
| 020 |
_a8173815984 _c295.00 |
||
| 035 | _aEN-80068 | ||
| 037 | _bDBAD/PUB | ||
| 082 | _a571.6 | ||
| 100 |
_aKar, Dipak Kumar _9906 |
||
| 245 |
_aCell biology genetics molecular biology / _cby Dipak Kumar Kar [and] Soma Halder |
||
| 260 |
_aNew Delhi _bNew Central Book Agency _c2009 |
||
| 270 |
_a4262/3, 1st Floor, Flat Nos. 105 & 106, Ansari Road, Daryaganj, New Delhi-110002 _bNew Delhi |
||
| 300 |
_axiv, 483p. _c25cm (pbk) |
||
| 500 | _aIncludes index | ||
| 700 |
_aHalder, Soma _9902 |
||
| 942 |
_2ddc _cEN _mKAR _h571.6 |
||
| 999 |
_c37323 _d37323 |
||